Datum a čas kvízu
15
Celkem bodů
Celkový počet nahraných bodů na tomto kvízu bez doplňovacích otázek.
8.
Pořadí na kvízu
Konečné umístění týmu na tomto kvízu.
Zaznamenané odpovědi
| # | Otázka | Odpověď | Body | Výsledky |
|---|---|---|---|---|
| 1. | Centrum pro výzkum veřejného m... | A | 1 | |
| 2. | Polský prezident přijal gratu... | Andrzej Duda, António Guterres | 0 | |
| 3. | Jak se nazývá pražské muzeum,... | Museum Kampa | 0 | |
| 4. | Ve středu došlo na jedné ze so... | 1 | ||
| 5. | Jeden z nejdéle působících zah... | Costa Nhamoinesu | 0 | |
| 6. | Putování po našich dálnicích n... | Veveří | 0 | |
| 7. | Na D1 ještě zůstaneme. Již od... | U Rybiček | 0 | |
| 8. | Když pojedeme po D8, nemůžeme... | V tomto roce zde byl vyzvednut základní kámen pro stavbu Národního divadla. | 0 | |
| 9. | Po dálnici D10 se dostaneme až... | Kopicův statek | 0 | |
| 10. | Přiřaďte následující zajímavá... | 1C 2A 3B 4D | 0 |